Celebridades da Internet #04 - Statistics

Estatísticas Gerais
  • Esse quiz foi jogado 150 vezes
  • A pontuação média é 9 de 20
Estatísticas das Respostas
Imagem Resposta % Correto
Daniel Molo
80%
Richard Rasmussen
72%
Gato Galático
71%
Lucas Marques
69%
Baianinho de Mauá
66%
Rafinha Bastos
66%
Abelha
54%
Afonso Padilha
49%
Farid Germano Filho
49%
Chico Moedas
46%
Liminha
40%
Pedro Loss
34%
Diggo
33%
Kine Chan
29%
Ycro
26%
Bruno Rataque
19%
Felipe Barbieri
19%
Xehli
19%
PMM
14%
Rei do Kuduairo
10%
Nenhum quiz correspondente encontrado
Distribuição das Pontuações
Porcentagem de Pessoas com Cada Pontuação
Percentil de Números Respondidos
Sua Pontuação Histórica
Você não jogou esse quiz